000 nam a22 7a 4500
999 _c7894
_d7894
008 171107b xxu||||| |||| 00| 0 eng d
100 _aArora.B.B.etal.
_94361
245 _aAbc of Biology-XII
260 _aNew Delhi
_bModen
_c2010